Islamic rationalism : a critical evaluation of Harun Nasution's thought /
Saved in:
| Main Author: | |
|---|---|
| Format: | Thesis |
| Language: | English |
| Published: |
Gombak, Selangor :
Kulliyyah of Islamic Revealed Knowledge and Human Sciences, International Islamic University Malaysia,
2007
|
| Subjects: | |
| Online Access: | http://studentrepo.iium.edu.my/handle/123456789/6605 |
| Tags: |
Add Tag
No Tags, Be the first to tag this record!
|
| LEADER | 024430000a22004570004500 | ||
|---|---|---|---|
| 001 | 385585 | ||
| 005 | 20230420123740.0 | ||
| 008 | 070702t2007 my a 000 0 eng d | ||
| 035 | |a (Sirsi) 385585 | ||
| 040 | |a UIAM |b eng | ||
| 043 | |a a-io--- | ||
| 050 | 0 | 0 | |a B743.I7 |
| 100 | 0 | |a Mohd. Shuhaimi bin Hj. Ishak |9 117636 | |
| 245 | 1 | 0 | |a Islamic rationalism : |b a critical evaluation of Harun Nasution's thought / |c by Mohd Shuhaimi bin Ishak |
| 260 | |a Gombak, Selangor : |b Kulliyyah of Islamic Revealed Knowledge and Human Sciences, International Islamic University Malaysia, |c 2007 | ||
| 300 | |a xii, 237 p. : |b ill. ; |c 30 cm. | ||
| 336 | |2 rdacontent | ||
| 337 | |2 rdamedia | ||
| 338 | |2 rdacarrier | ||
| 500 | |a "A dissertaion submitted in partial fulfilment of the requirement for the degree of Doctor of Philosophy in Usuluddin and Islamic Thought."-- On t.p. | ||
| 502 | |a Thesis (Ph.D.) -- International Islamic University Malaysia, 2007 | ||
| 504 | |a Includes bibliographical references (leaves 200-214). | ||
| 506 | |a Access for fulltext of thesis is provided through digital format. | ||
| 530 | |a Also available on 4 3/4 in. computer optical disc. | ||
| 546 | |a Abstract in English and Arabic. | ||
| 600 | 1 | 0 | |a Nasution, Harun |9 52432 |
| 650 | 0 | |a Rationalism |9 46941 | |
| 650 | 0 | |a Islam |y 20th century |z Indonesia |9 16768 | |
| 650 | 0 | |a Philosophy, Islamic |z Indonesia |9 119407 | |
| 650 | 0 | |a Religious thought |y 20th century |z Indonesia |9 119408 | |
| 655 | 0 | 7 | |a Theses, IIUM local |
| 690 | 0 | |a Dissertations, Academic |x Department of Usuluddin and Comparative Religion |z IIUM |9 26886 | |
| 710 | 2 | |a International Islamic University Malaysia. |b Department of Usuluddin and Comparative Religion |9 26671 | |
| 730 | 0 | |a Islamic rationalism : a critical evaluation of Harun Nasution's thought (Electronic resource) |9 119409 | |
| 856 | 4 | |u http://studentrepo.iium.edu.my/handle/123456789/6605 | |
| 900 | |a hj-his-rmb | ||
| 942 | |2 lcc |n 0 | ||
| 999 | |c 434631 |d 465904 | ||
| 952 | |0 0 |6 LU T B743I7M9526I 2007 |7 0 |8 THESES |9 753091 |a IIUM |b IIUM |c CLOSEACCES |g 0.00 |o lu t B743I7M9526I 2007 |p 00011274774 |r 2017-10-24 |t 1 |v 0.00 |y THESIS | ||
| 952 | |0 0 |6 T B 000743 I7M9526I 2007 |7 0 |8 THESES |9 753667 |a IIUM |b IIUM |c MULTIMEDIA |g 0.00 |o t B743I7M9526I 2007 |p 00001079678 |r 2017-10-17 |t 1 |v 0.00 |y THESIS | ||
| 952 | |0 0 |6 TS CDF B743I7M9526I 2007 |7 0 |8 THESES |9 828053 |a IIUM |b IIUM |c MULTIMEDIA |g 0.00 |o ts cdf B743I7M9526I 2007 |p 00000899897 |r 2017-10-26 |t 1 |v 0.00 |y THESISDIG | ||
